000 00808cam a2200229 4500
001 WB3731-45
008 010810n2001 000 0 eng u
035 _a(Sirsi) u114054
245 _aFirst home zone launched
260 _c2001
490 _aDTLR News Release
_v(355) 9 August 2001, (3)
520 _aThe first of nine pilot home zone projects has been launched in Northmoor, Manchester. Home zone areas are designed to enhance the quality of life for local residents by introducing traffic control measures and improving the overall design of streets.
590 _aWB
650 _aMANCHESTER
650 _aHOME ZONES
650 _aURBAN REGENERATION
650 _aTRAFFIC CONTROL
650 _aRESIDENTIAL STREETS
650 _aQUALITY OF LIFE
690 _aREGENERATION
942 _n0
999 _c67984
_d67984